(Registro nro. 1874)
[ vista simple ]
| 000 -CABECERA | |
|---|---|
| campo de control de longitud fija | 01902nam a2200265Ia 4500 |
| 003 - IDENTIFICADOR DEL NÚMERO DE CONTROL | |
| campo de control | AR-RoIUNI |
| 005 - FECHA Y HORA DE LA ÚLTIMA TRANSACCIÓN | |
| campo de control | 20160518115036.0 |
| 008 - DATOS DE LONGITUD FIJA--INFORMACIÓN GENERAL | |
| campo de control de longitud fija | 150616s2012 ag r 000 0 spa d |
| 020 ## - NÚMERO INTERNACIONAL ESTÁNDAR DEL LIBRO | |
| Número Internacional Estándar del Libro | 9789505181629 |
| 040 ## - FUENTE DE LA CATALOGACIÓN | |
| Centro/agencia transcriptor | |
| 080 ## - NÚMERO DE LA CLASIFICACIÓN DECIMAL UNIVERSAL | |
| Número de la Clasificación Decimal Universal | 159.9 |
| 100 1# - ENTRADA PRINCIPAL--NOMBRE DE PERSONA | |
| Nombre de persona | Le Poulichet, Sylvie. |
| 245 10 - MENCIÓN DE TÍTULO | |
| Título | Toxicomanías y psicoanálisis : |
| Resto del título | las narcosis del deseo / |
| Mención de responsabilidad, etc. | Sylvie Le Poulichet. |
| 250 ## - MENCIÓN DE EDICIÓN | |
| Mención de edición | 2a. ed. |
| 260 ## - PUBLICACIÓN, DISTRIBUCIÓN, ETC. (PIE DE IMPRENTA) | |
| Lugar de publicación, distribución, etc. | Buenos Aires : |
| Nombre del editor, distribuidor, etc. | Amorrortu, |
| Fecha de publicación, distribución, etc. | 2012. |
| 300 ## - DESCRIPCIÓN FÍSICA | |
| Extensión | 224 p. ; |
| Dimensiones | 23 cm. |
| 490 0# - MENCIÓN DE SERIE | |
| Mención de serie | Psicoanálisis |
| 504 ## - NOTA DE BIBLIOGRAFÍA, ETC. | |
| Bibliografía, etc. | |
| 505 1# - NOTA DE CONTENIDO CON FORMATO | |
| Nota de contenido con formato | 1. Teorías y tóxicos. A. Una psicologización secundaria de los conceptos analíticos -- B. La herencia de los <<venenos del espíritu>> -- C. <<La toxicomanía>> como teoría -- 2. Del cuerpo engendrado por la <<operación del farmakon>>. A. El miembro fantasma -- B. Una <<supresión tóxica>> del dolor -- C. El principio del <<farmakon>> operante en las toxicomanías -- D. Un cuerpo que no se habría perdido -- 3. Estatuto del cuerpoi y del tóxico en el trayecto freudiano. A. Del <<órgano psíquico>> a la hipnosis: el <<tóxico>> no es la droga -- B. La intoxicación en las neurosis -- C. La toxicomanía <<ha de tener razón>> -- 4. Una autoconservación paradójica. A. Creación de masa y generación de lesiones -- B. Una lesión que <<conserva>> -- C. La <<operación de farmakon>> como <<formación narcisista>> -- 5. El deseo en suspenso o la razón de los tóxicos. A. Toxicomanías y suplencia -- B. Toxicomanías y suplemento -- 6. De un imposible <<tratamiento de la toxicomanía>> a la elaboración de la transferencia. A. El terapeuta y el alquimista -- B. Instaurar una <<escena>> -- C. Transferencia y trayectos pulsionales: cuando el cuerpo pasa a constituirse en el otro. |
| 650 #4 - PUNTO DE ACCESO ADICIONAL DE MATERIA--TÉRMINO DE MATERIA | |
| Término de materia o nombre geográfico como elemento inicial | PSICOLOGÍA |
| 650 #4 - PUNTO DE ACCESO ADICIONAL DE MATERIA--TÉRMINO DE MATERIA | |
| Término de materia o nombre geográfico como elemento inicial | PSICOANÁLISIS |
| 650 #4 - PUNTO DE ACCESO ADICIONAL DE MATERIA--TÉRMINO DE MATERIA | |
| Término de materia o nombre geográfico como elemento inicial | TOXICOMANÍA |
| 650 #4 - PUNTO DE ACCESO ADICIONAL DE MATERIA--TÉRMINO DE MATERIA | |
| Término de materia o nombre geográfico como elemento inicial | NARCOSIS |
| 942 ## - ELEMENTOS DE PUNTO DE ACCESO ADICIONAL (KOHA) | |
| Tipo de ítem Koha | Libros |
| Fuente del sistema de clasificación o colocación | Clasificación Decimal Universal |
| Estado de retiro | Estado de pérdida | Fuente del sistema de clasificación o colocación | Estado dañado | Excepción de préstamo | Código de colección | Localización permanente | Ubicación/localización actual | Ubicación en estantería | Fecha de adquisición | Número de inventario | Total de préstamos | Signatura topográfica completa | Código de barras | Fecha visto por última vez | Fecha del último préstamo | Número de copia | Precio válido a partir de | Tipo de ítem Koha |
|---|---|---|---|---|---|---|---|---|---|---|---|---|---|---|---|---|---|---|
| Clasificación Decimal Universal | Psicología | BIBLIOTECA RIOBAMBA | BIBLIOTECA RIOBAMBA | BIBLIOTECA RIOBAMBA | 16/06/2015 | 1875 | 1 | 159.9 LEP | 1875 | 29/01/2026 | 24/10/2025 | 1 | 16/06/2015 | Libros |

